|
|
|
|
| LEADER |
01215na a2200325 4500 |
| 001 |
000031019 |
| 003 |
5301 |
| 005 |
20221129142849.0 |
| 008 |
151001s2011 000 eng |
| 040 |
|
|
|a LNN
|
| 041 |
|
|
|a ENG
|
| 082 |
|
|
|a 420.4
|b HU-N
|
| 100 |
|
|
|a Huỳnh Thị Nguyệt
|
| 245 |
|
3 |
|a An Investigation into Expressions of Asking for and Giving Clarification in English and Vietnamese /
|c Huỳnh Thị Nguyệt.
|
| 260 |
|
|
|c 2011.
|
| 300 |
|
|
|a 124tr. : mh ; 30cm.
|
| 650 |
|
|
|a An Investigation into Expressions of Asking for and Giving Clarification in English and Vietnamese, Huỳnh Thị Nguyệt, 2011
|
| 852 |
|
|
|c Luận văn Thạc sĩ
|
| OWN |
|
|
|a LNN
|
| AVA |
|
|
|a UDN50
|b LNN
|c English
|d 420.4 HU-N
|e available
|t Error 5001 Not defined in file expand_doc_bib_avail.
|f 1
|g 0
|h N
|i 0
|j AN
|k 1
|
| 999 |
|
|
|a From the UDN01
|
| AVA |
|
|
|a UDN50
|b LNN
|c English
|d 420.4 HU-N
|e available
|t Error 5001 Not defined in file expand_doc_bib_avail.
|f 1
|g 0
|h N
|i 0
|j AN
|k 1
|
| TYP |
|
|
|a Printed language
|
| 980 |
|
|
|a Mạng thư viện Đại học Đà Nẵng
|